Pengantar statistic

Bibliographic Details
Main Author: Zainal Mat Saat (Author)
Format: Book
Language:Malay
Published: Petaling Jaya : Penerbit Fajar Bakti 1985
Subjects:

MARC

LEADER 00000cam a2200000 7i4500
001 0000002523
005 20240925.0
008 991130 my a may
020 |a 9679232090 
040 |a INS   |b eng   |e rda 
090 0 0 |a HA29.5.M2   |b Z34 1985 
100 0 |a Zainal Mat Saat ,   |e author 
245 1 0 |a Pengantar statistic   |c Zainal Mat Saat 
264 1 |a Petaling Jaya :   |b Penerbit Fajar Bakti   |c 1985 
300 |a vi, 241 pages :   |b illustrations ;   |c 24 cm. 
336 |a text  |2 rdacontent 
337 |a unmediated  |2 rdamedia 
338 |a volume  |2 rdacarrier 
650 0 |a Statistics 
999 |a 0000003659   |b BOOK   |c Open Shelf   |e Default branch